<?xml version="1.0" encoding="UTF-8"?>
<record
    xmlns:xsi="http://www.w3.org/2001/XMLSchema-instance"
    xsi:schemaLocation="http://www.loc.gov/MARC21/slim http://www.loc.gov/standards/marcxml/schema/MARC21slim.xsd"
    xmlns="http://www.loc.gov/MARC21/slim">

  <leader>00520nam a2200181Ia 4500</leader>
  <controlfield tag="005">20260514122847.0</controlfield>
  <controlfield tag="008">260514s9999    xx            000 0 und d</controlfield>
  <datafield tag="020" ind1=" " ind2=" ">
    <subfield code="a">9780062946454</subfield>
  </datafield>
  <datafield tag="041" ind1=" " ind2=" ">
    <subfield code="a">eng</subfield>
  </datafield>
  <datafield tag="082" ind1=" " ind2=" ">
    <subfield code="a">646.72 CAM B2268</subfield>
  </datafield>
  <datafield tag="100" ind1=" " ind2=" ">
    <subfield code="a">Campo Riku </subfield>
    <subfield code="9">217687</subfield>
  </datafield>
  <datafield tag="245" ind1=" " ind2=" ">
    <subfield code="a">I Am Beauty:Timeless Skincare And Beauty For Women 40 And Over</subfield>
  </datafield>
  <datafield tag="260" ind1=" " ind2=" ">
    <subfield code="b">Harper One</subfield>
    <subfield code="a">Sanfranscisco</subfield>
  </datafield>
  <datafield tag="300" ind1=" " ind2=" ">
    <subfield code="a">226</subfield>
  </datafield>
  <datafield tag="500" ind1=" " ind2=" ">
    <subfield code="a">Beauty</subfield>
  </datafield>
  <datafield tag="650" ind1=" " ind2=" ">
    <subfield code="a">cosmetology and beauty therapy</subfield>
    <subfield code="9">217682</subfield>
  </datafield>
  <datafield tag="650" ind1=" " ind2=" ">
    <subfield code="a">Personal care and grooming</subfield>
  </datafield>
  <datafield tag="999" ind1=" " ind2=" ">
    <subfield code="c">370908</subfield>
    <subfield code="d">370908</subfield>
  </datafield>
  <datafield tag="952" ind1=" " ind2=" ">
    <subfield code="0">0</subfield>
    <subfield code="1">0</subfield>
    <subfield code="4">0</subfield>
    <subfield code="7">0</subfield>
    <subfield code="8">Beauty</subfield>
    <subfield code="a">MNVT</subfield>
    <subfield code="b">MNVT</subfield>
    <subfield code="d">2026-03-27</subfield>
    <subfield code="g">3647.09</subfield>
    <subfield code="i">WORDI/2025/CRB/2629</subfield>
    <subfield code="l">0</subfield>
    <subfield code="o">646.72 CAM B2268</subfield>
    <subfield code="p">MNVT-BK-2268</subfield>
    <subfield code="r">2026-05-14 06:58:47</subfield>
    <subfield code="v">2370.61</subfield>
    <subfield code="w">2026-03-20</subfield>
    <subfield code="y">BK</subfield>
    <subfield code="z">B2268</subfield>
  </datafield>
</record>
